| 000 | 00648nam a22001577a 4500 | ||
|---|---|---|---|
| 003 | OSt | ||
| 005 | 20151006104051.0 | ||
| 008 | 151006b xxu||||| |||| 00| 0 eng d | ||
| 040 | _cRUA | ||
| 082 | _aAVM LEU 1998 B070 Or.1 | ||
| 100 |
_92128 _aLEUK, RORTH. |
||
| 245 | _aProblems and opportunities of cattle raising for rural economic in battambang province, បញ្ហា និង លទ្ធភាពចិញ្ចឹមគោ ក្របី សម្រាប់សេដ្ឋកិច្ចជនបទ នៅខេត្តបាត់ដំបង. | ||
| 260 |
_aphnom phen _bRUA _c1998 |
||
| 300 |
_a54p. _bill. _c29cm. |
||
| 942 |
_2ddc _cAVM |
||
| 999 |
_c2000 _d2000 |
||